| 000 | 00919nam a2200253 i 4500 | ||
|---|---|---|---|
| 001 | 000045115 | ||
| 003 | DO-SdBNP | ||
| 005 | 20250116073944.0 | ||
| 007 | ta | ||
| 008 | 150203s1979 dr ab 000 0 spa d | ||
| 040 |
_aDO-SdBNP _bspa _cBNPHU _erda |
||
| 110 | 1 |
_aRepública Dominicana. _bSecretaría de Estado de Educación, Bellas Artes y Cultos _923965 |
|
| 245 | 1 | 0 | _aDiagnostico del sector educativo en República Dominicana. |
| 264 |
_aSanto Domingo : _bSecretaría de Estado de Educación, Bellas Artes y Cultos, _c1979. |
||
| 300 |
_a344 páginas : _bilustraciones, mapas ; _c27 cm. |
||
| 336 |
_2rdacontent _atexto _btxt |
||
| 337 |
_2rdamedia _asin mediación _bn |
||
| 338 |
_2rdacarrier _avolumen _bnc |
||
| 500 | _aIncluye referencia bibliografíca y notas al píe de las páginas | ||
| 504 | _aBibliografía : p. 340-343 | ||
| 590 | _aInventariado, 2024/BT | ||
| 910 | _aBtavárez | ||
| 942 |
_2ddc _cLBS1 |
||
| 999 |
_c44604 _d44604 |
||